| 000 | 00864cam a2200289 4500 | ||
|---|---|---|---|
| 005 | 20260322212100.0 | ||
| 008 | data | ||
| 010 | _a 75015856 | ||
| 020 | _a0823002179 | ||
| 020 | _a9780823002177 | ||
| 040 |
_aDLC _cDLC _dDLC |
||
| 043 | _an-us--- | ||
| 050 | 0 | 0 |
_aND1382 _b.N67 1975 |
| 082 | 0 | 0 | _a759.06 |
| 092 | _a759.06 N67 1975 | ||
| 100 | 1 | _aNorelli, Martina Roudabush. | |
| 245 | 1 | 0 |
_aAmerican wildlife painting / _cMartina Roudabush Norelli. |
| 260 |
_aNew York : _bWatson-Guptill Publications, _c1975. |
||
| 300 |
_a224 p. : _bchiefly ill. (some col.) ; _c32 cm. |
||
| 500 | _aIncludes index. | ||
| 504 | _aBibliography: p. 218-220. | ||
| 650 | 0 | _aWildlife painting, American. | |
| 650 | 0 |
_aPainters _zUnited States. |
|
| 906 |
_a7 _bcbc _corignew _d1 _eocip _f19 _gy-gencatlg |
||
| 991 |
_bc-GenColl _hND1382 _i.N67 1975 _tCopy 1 _wBOOKS |
||
| 001 | data | ||
| 999 |
_c1432 _d1432 |
||